000 00470nam a22001697a 4500
005 20251108170755.0
008 250721s1998 xx 000 0 ara d
082 1 4 _a370.19/بدر
100 1 _aبدران، شيل
245 1 0 _aأسس التربية /
264 1 _aالقاهرة :
_bدار المعرفة،
_c1998.
300 _a396ص
650 1 7 _aالتربية الإجتماعية
700 1 _aمحفوظ، فاروق
942 _2ddc
_cBK
999 _c48656
_d48656